00293nam a2200133Ia 4500008004100000041000800041082001800049100001600067245002400083250001200107260000800119365001600127700001600143230718s9999 xx 000 0 und d aeng a519.502 bSHA aSharma J.K. aBusiness Statistics a2nd ed. bPea cRs.b325.00 aSharma J.K.